000 00462nam a2200157 a 4500
001 000024332
005 20200930022922.0
008 110126s1969 ve a r 000 0 spa d
040 _aDO-SdBNP
_bspa
_cBNPHU
082 _axxx
_bL616u
100 1 _aLerner, Elisa.
_949909
245 1 0 _aUna sonrisa detras de la metafora :
_bcrónicas, 1968 /
_cElisa Lerner.
260 _aCaracas :
_bMonte Avila,
_c1969.
300 _a100 p. :
_bil., retr. ;
_c19 cm.
049 _aBNGR
999 _c23825
_d23825